000 00881cab a2200217 4500
001 ABS45911
008 090401t1992 xxu||||| |||| 00| 0 eng d
035 _a(Sirsi) u55843
041 _aeng
245 _aInformation technology briefing
260 _c1992
350 _a0
490 _aCS Monthly : QS Bulletin
_v1(6) March 1992, iii-vi(2)
520 _aSurvey of information technology for quantity surveyors covering the work of the Construction Industry Computing Association, its use in a practice, the benefits to contractors, the work of the Building Cost Information Service and the formation of quantity surveyors information group.
650 _aCOMPUTERS
650 _aCONSTRUCTION INDUSTRY COMPUTING ASSOCIATION
690 _aMANAGEMENT-BUSINESS MANAGEMENT-INFORMATION MANAGEMENT
690 _aQuantity surveying
_96263
942 _n0
948 _c04/03/1997
999 _c34133
_d34133